000 00513nam a2200169 i 4500
001 118052
003 ES-MaACL
005 20230906191024.0
007 t|
008 070214s1935 sp r ||||1| spa d
100 1 _aPereyra, Diomedes de.
_990542
245 1 0 _aBolivia y sus debeladores
_b: breves palabras de reflexión /
_cDiomedes de Pereyra.
260 _aMadrid :
_bRicardo Aguilera,
_c1935.
300 _a16 p. ;
_c19 cm.
650 4 _aGuerra del Chaco, 1932-1935.
_913197
852 _aES-MaACL
_j1803-F-4
999 _c118052
_d118052